00000000nam 2200000zi 4500
0019.932004
003CaOODSP
00520241120114142
006m     o  d f      
007cr |n|||||||||
008231229e198405##qucdab  ob   f|0| 0 fre d
040 |aCaOODSP|bfre|erda|cCaOODSP
043 |an-cn-qu
0861 |aCW66-1484/1984F-PDF
1001 |aGervais, Denis, |d1959- |eauteur.
24510|aÉtude préliminaire des mammifères de la RNF du Lac St-François / |cpar Denis Gervais, Carole Robidoux, Claire Lachance, François Shaffer, Céline Daoust.
24613|aÉtude préliminaire des mammifères de la Réserve nationale de faune du Lac St-François
264 1|aSte-Agnès de Dundee : |bService canadien de la faune, |cmai 1984.
300 |a1 ressource en ligne (1 volume (pagination multiple)) : |bcartes, graphiques, illustrations
336 |atexte|btxt|2rdacontent/fre
337 |ainformatique|bc|2rdamedia/fre
338 |aressource en ligne|bcr|2rdacarrier/fre
500 |aÉdition numérisée de l’imprimé [par Environnement et changement climatique Canada].
500 |a« Projet Relais. »
504 |aComprend des références bibliographiques.
5050 |aLes petits mammifères de la RNF du Lac St-François -- Les mammifères de la RNF du Lac St-François -- Les léporidés de la RNF du Lac St-François.
650 6|aMammifères|xPopulations|zQuébec (Province)
650 0|aMammal populations|zQuébec (Province)
651 6|aRéserve nationale de faune du Lac-Saint-François (Québec)
7102 |aService canadien de la faune, |eorganisme de publication.
85640|qPDF|s2.97 Mo|uhttps://publications.gc.ca/collections/collection_2024/eccc/cw66/CW66-1484-1984-fra.pdf